[Event "Mechanics' Summer TNM; 30/90, SD/30"]
[Site "San Francisco"]
[Date "2013.07.09"]
[Round "7.7"]
[White "Rudyak, Felix"]
[Black "Winslow, Elliott"]
[Result "0-1"]
[WhiteElo "1946"]
[BlackElo "2281"]
[Annotator "Donaldson"]
[PlyCount "138"]
[EventDate "2013.??.??"]

1. d4 Nf6 2. c4 e6 3. Nc3 c5 4. d5 exd5 5. cxd5 d6 6. e4 g6 7. f4 Bg7 8. Bb5+
Bd7 9. Bd3 O-O 10. h3 Re8 11. Nf3 b5 12. e5 b4 13. Nb5 Qb6 14. a4 bxa3 15. Nxa3
dxe5 16. fxe5 Nh5 17. Nc4 Qc7 18. g4 Bxe5 19. Nfxe5 Rxe5+ 20. Nxe5 Qxe5+ 21.
Qe2 Qg3+ 22. Kd1 Nf6 23. Qe3 Qd6 24. Ra5 Qxd5 25. Rf1 Nc6 26. Rxc5 Qd6 27. Rc2
Nb4 28. Rd2 Ba4+ 29. Ke1 Re8 30. Be4 Qe6 31. b3 Bb5 32. Rxf6 Qxf6 $19 33. Rf2
Nc2+ $4 {Pretty much any queen move wins.} 34. Rxc2 Qf1+ 35. Kd2 Rd8+ 36. Kc3
Qf6+ 37. Kb4 Rd4+ 38. Ka3 Qe7+ 39. Ka2 Rxe4 40. Rc8+ Be8 41. Qc3 Re6 42. Qc4 (
42. Bb2 Ra6+ 43. Kb1 Qe4+ 44. Kc1 Qh1+ 45. Kc2 Qg2+) 42... Re2+ 43. Bb2 Qe5 44.
Qc3 Qxc3 45. Rxc3 h6 46. b4 g5 47. Rd3 Re6 48. Bd4 Rd6 49. Kb3 Bb5 50. Rd1 f6
51. Kc3 Kf7 52. Ra1 Rc6+ 53. Bc5 a6 54. Re1 Kg6 55. Re7 Rc8 56. Re6 Rc6 57. Re1
h5 58. Kd4 Rc7 59. Re6 Rd7+ 60. Ke4 Bd3+ 61. Kf3 hxg4+ 62. hxg4 Bc4 63. Rb6 Kf7
64. Ke4 Kg7 65. Bd4 Re7+ 66. Kf3 Re6 67. Rb8 $4 (67. Rxe6 Bxe6 {is a dead draw.
}) 67... Bd5+ 68. Kg3 Re4 69. Bc5 Be6 {and White lost some moves later.} 0-1

[Event "Mechanics' Summer TNM; 30/90, SD/30"]
[Site "San Francisco"]
[Date "2013.06.25"]
[Round "5.5"]
[White "Rudyak, Felix"]
[Black "Wong, Russell"]
[Result "1-0"]
[WhiteElo "1946"]
[BlackElo "2209"]
[PlyCount "43"]
[EventDate "2013.??.??"]

1. d4 c5 2. d5 d6 3. c4 e5 4. e4 Be7 5. Bd2 Bg5 6. Bc3 f5 7. exf5 Bxf5 8. Nf3
Bf6 9. Qe2 Ne7 10. Nbd2 O-O 11. Ne4 Ng6 12. O-O-O Bg4 13. Qc2 Bxf3 14. gxf3
Bg5+ 15. Kb1 Rxf3 16. Be2 Rf7 17. Rhg1 Bh6 18. Bh5 Nf4 19. Bxf7+ Kxf7 20. Ng3
Nh3 21. Qf5+ Kg8 22. Qxh3 1-0

[Event "Mechanics' Summer TNM; 30/90, SD/30"]
[Site "San Francisco"]
[Date "2013.05.28"]
[Round "1.20"]
[White "Rudyak, Felix"]
[Black "Yamamoto, Craig"]
[Result "1-0"]
[WhiteElo "1946"]
[BlackElo "1542"]
[PlyCount "73"]
[EventDate "2013.??.??"]

1. d4 f5 2. e4 d6 3. Bc4 Nf6 4. exf5 Bxf5 5. Nf3 d5 6. Bb3 e6 7. O-O Nbd7 8.
Qe2 Ne4 9. c4 c6 10. Nc3 Qf6 11. cxd5 cxd5 12. Nxd5 exd5 13. Bxd5 Qe7 14. Bxb7
Rd8 15. Re1 Nd6 16. Qa6 Be4 17. Bxe4 Nxe4 18. Bg5 Nxg5 19. Rxe7+ Bxe7 20. Nxg5
Bxg5 21. Qd6 Bf6 22. Re1+ Kf7 23. Qe6+ Kf8 24. d5 h5 25. d6 Rh6 26. Qe3 Be5 27.
Qg5 Bf6 28. Qf5 g6 29. Qf4 Rh7 30. Re6 Rf7 31. Qh6+ Rg7 32. Qh8+ Kf7 33. Rxf6+
Kxf6 34. Qxd8+ Ke6 35. Qc7 Rf7 36. Qc4+ Kf6 37. b4 1-0

[Event "Mechanics' Neil Falconer TNM; 30/90, SD"]
[Site "San Francisco"]
[Date "2013.08.13"]
[Round "2.4"]
[White "Rumph, Todd"]
[Black "Abraham, Renjish"]
[Result "0-1"]
[WhiteElo "2167"]
[BlackElo "1871"]
[PlyCount "66"]
[EventDate "2013.??.??"]

1. d4 d5 2. c4 e6 3. Nc3 Nf6 4. cxd5 exd5 5. Bg5 Be7 6. e3 O-O 7. Qc2 c6 8. Bd3
Nbd7 9. Nge2 Re8 10. O-O g6 11. Ng3 Nf8 12. f4 Ng4 13. Rf3 Bxg5 14. fxg5 Qxg5
15. e4 Ne6 16. Nce2 Ne3 17. Qb3 dxe4 18. Bxe4 Nd5 19. Nf5 Nef4 20. Nxf4 Nxf4
21. g3 gxf5 22. Rxf4 Rxe4 23. Rf3 Qe7 24. Qc3 Be6 25. Raf1 Rd8 26. Rd3 Qf6 27.
Rf4 Rxf4 28. gxf4 Kh8 29. Qc5 a6 30. a3 Rg8+ 31. Kf1 Bd5 32. Re3 Qh4 33. Qd6
Bc4+ 0-1

[Event "Mechanics' Spring TNM; 30/90, SD/30"]
[Site "San Francisco"]
[Date "2013.04.02"]
[Round "3.7"]
[White "Rumph, Todd"]
[Black "Hua, Arnold"]
[Result "1-0"]
[WhiteElo "2200"]
[BlackElo "2000"]
[PlyCount "37"]
[EventDate "2013.??.??"]

1. d4 d5 2. c4 dxc4 3. e3 e5 4. Bxc4 Bb4+ 5. Nc3 exd4 6. exd4 Nf6 7. Nf3 O-O 8.
O-O Nbd7 9. Qd3 Nb6 10. Bb3 h6 11. Re1 Re8 12. Bxh6 Rxe1+ 13. Rxe1 Bxc3 14.
bxc3 gxh6 15. Qg6+ Kh8 16. Qxh6+ Kg8 17. Qg6+ Kh8 18. Qh6+ Kg8 19. Re5 1-0

[Event "Mechanics' Winter TNM; 30/90, SD/30"]
[Site "San Francisco"]
[Date "2013.01.08"]
[Round "1.5"]
[White "Rumph, Todd"]
[Black "Kottcamp, Jeff"]
[Result "1-0"]
[WhiteElo "2199"]
[BlackElo "1725"]
[PlyCount "95"]
[EventDate "2013.??.??"]

1. c4 f5 2. Nc3 Nf6 3. g3 g6 4. Bg2 Bg7 5. d3 d6 6. e4 fxe4 7. dxe4 e5 8. Nge2
Nc6 9. O-O O-O 10. h3 Be6 11. Nd5 Qd7 12. Kh2 Ne7 13. Be3 Rad8 14. Qc2 a6 15.
b4 c6 16. Nxe7+ Qxe7 17. Rac1 d5 18. Bc5 Qd7 19. Bxf8 Bxf8 20. cxd5 cxd5 21.
exd5 Nxd5 22. a3 Qf7 23. Qb2 Bg7 24. Qd2 Qf8 25. Rcd1 Bf6 26. Qc2 Rc8 27. Qe4
Rd8 28. Qf3 Qe7 29. Nc3 Nxc3 30. Qxc3 Rc8 31. Qe3 Rc7 32. Bd5 Kg7 33. Bxe6 Qxe6
34. Rd2 Qe7 35. Re1 Bg5 36. f4 exf4 37. Qxe7+ Bxe7 38. gxf4 a5 39. Re4 axb4 40.
axb4 Kf6 41. Rde2 Bf8 42. Kg2 Kf5 43. R2e3 Rc2+ 44. Kf3 Rb2 45. Re6 Bg7 46. Rb6
Bd4 47. Rb5+ Kf6 48. Rd3 1-0

[Event "Mechanics' Spring TNM; 30/90, SD/30"]
[Site "San Francisco"]
[Date "2013.04.16"]
[Round "5.9"]
[White "Rumph, Todd"]
[Black "Manvelyan, Hovik"]
[Result "1/2-1/2"]
[WhiteElo "2200"]
[BlackElo "1920"]
[PlyCount "67"]
[EventDate "2013.??.??"]

1. d4 Nf6 2. c4 d6 3. Nc3 Nbd7 4. e4 e5 5. d5 Nc5 6. f3 a5 7. Be3 Bd7 8. Qd2 b6
9. Nge2 Be7 10. O-O-O h6 11. Kb1 Nh7 12. g3 f5 13. f4 Nf6 14. Bg2 O-O 15. h3
Nfxe4 16. Nxe4 Nxe4 17. Bxe4 fxe4 18. g4 b5 19. fxe5 dxe5 20. c5 Be8 21. h4 Bg6
22. g5 Bxc5 $1 23. h5 Rf3 $1 $19 24. hxg6 Bxe3 25. Qc2 Bxg5 26. Qxe4 Re3 27.
Qc2 Qd6 28. Nc3 Ra6 29. Nxb5 Qxg6 30. Qxg6 Rxg6 31. Nxc7 Rb6 32. Rh2 Bf4 33.
Rc2 e4 34. Ne6 1/2-1/2

[Event "Mechanics' Summer TNM; 30/90, SD/30"]
[Site "San Francisco"]
[Date "2013.06.18"]
[Round "4.19"]
[White "Rumph, Todd"]
[Black "Newey, Richard"]
[Result "1-0"]
[WhiteElo "2200"]
[BlackElo "1749"]
[PlyCount "105"]
[EventDate "2013.??.??"]

1. c4 c5 2. Nc3 g6 3. g3 Nc6 4. Bg2 Bg7 5. Nf3 Nf6 6. d4 cxd4 7. Nxd4 O-O 8.
O-O Nxd4 9. Qxd4 d6 10. Qd3 Rb8 $6 (10... a6) 11. Be3 a6 12. Bd4 (12. Ba7 $1
Ra8 13. Bd4 {picks up a useful tempo.}) 12... Bd7 13. a4 Bc6 14. e4 Nd7 15. Ra3
Bxd4 (15... Nc5) 16. Qxd4 Qb6 17. Qxb6 Nxb6 18. b3 f5 (18... Nd7) 19. Re1 fxe4
20. a5 Nd7 21. Nxe4 h6 22. Nc3 Ne5 23. f4 Bxg2 24. Kxg2 Nc6 25. Nd5 e5 26. Ra2
Rf7 27. b4 Re8 28. b5 Nd4 29. Rb2 axb5 30. cxb5 Ra8 31. Ra1 exf4 32. gxf4 Ne6
33. Kg3 Nc7 34. Nb6 Re8 35. a6 bxa6 36. bxa6 g5 37. fxg5 hxg5 38. a7 Kg7 39.
a8=Q Nxa8 40. Rxa8 Re3+ 41. Kg2 Rf4 42. Rd2 Rb3 43. Ra7+ Kf8 44. Nd5 Rg4+ 45.
Kf2 Rh3 46. Kf1 Rf3+ 47. Rf2 Rxf2+ 48. Kxf2 Rh4 49. Kg3 Rd4 50. Nf6 Rd3+ 51.
Kg4 Rd2 52. Kf5 g4 53. Kg6 1-0

[Event "Mechanics' Spring TNM; 30/90, SD/30"]
[Site "San Francisco"]
[Date "2013.04.23"]
[Round "6.9"]
[White "Rumph, Todd"]
[Black "Newey, Richard"]
[Result "1-0"]
[WhiteElo "2200"]
[BlackElo "1702"]
[PlyCount "65"]
[EventDate "2013.??.??"]

1. d4 Nf6 2. c4 g6 3. Nc3 d5 4. cxd5 Nxd5 5. Bd2 Bg7 6. e4 Nxc3 7. Bxc3 c5 8.
d5 Bxc3+ 9. bxc3 Qa5 10. Qd2 Nd7 11. Nf3 f6 12. Rb1 b6 13. Be2 Ba6 14. c4 Qxd2+
15. Nxd2 Rd8 16. f4 Kf7 17. Bg4 Bc8 18. O-O Nf8 19. Bxc8 Rxc8 20. e5 f5 21. e6+
Kg7 22. Nf3 h6 23. Ne5 Nh7 24. Rb3 Nf6 25. Rg3 Ng4 26. Nc6 (26. Nxg4 fxg4 27.
f5 $1 (27. Rxg4 Kf6 28. f5 g5) 27... g5 28. f6+ $1 exf6 29. Rxg4 $16 Kg6 30.
Re4 f5 31. Re5 f4 32. d6 $18) 26... Rc7 (26... Rxc6 $142 27. dxc6 Rc8 28. Re1
Rxc6) 27. h3 Rxc6 (27... Nf6 28. Ne5) 28. dxc6 Nf6 29. Rd3 Rc8 30. Rd7 Rxc6 31.
Rxe7+ Kh8 32. Rd1 Rc8 33. Rf7 1-0

[Event "Mechanics' Summer TNM; 30/90, SD/30"]
[Site "San Francisco"]
[Date "2013.06.04"]
[Round "2.16"]
[White "Rumph, Todd"]
[Black "Niemann, Hans"]
[Result "1-0"]
[WhiteElo "2200"]
[BlackElo "1533"]
[PlyCount "79"]
[EventDate "2013.??.??"]

1. c4 c5 2. g3 g6 3. Bg2 Bg7 4. Nc3 Nc6 5. a3 Nf6 (5... e6 6. b4 cxb4 (6...
Nxb4 7. axb4 cxb4) 7. axb4 Nxb4 8. Ba3 Nc6) 6. e3 e6 7. b4 cxb4 8. axb4 Nxb4 9.
Ba3 Nd3+ (9... Nc6 10. Nb5 Bf8 11. Nd6+ Bxd6 12. Bxd6) 10. Ke2 Ne5 (10... Ng4
11. Nh3) 11. Qa4 Nc6 12. Nb5 Bf8 (12... Ne7 13. Bd6 O-O 14. Bc7 Qe8 15. Nd6)
13. Nd6+ Bxd6 14. Bxd6 Ne7 15. Rb1 Nf5 (15... O-O 16. Bxb7 Bxb7 17. Rxb7 $16)
16. Ba3 Qc7 17. Bb2 e5 18. Qb5 Ng4 19. h3 a6 20. Qa4 Ngh6 21. Nf3 f6 22. g4 Nd6
23. Rhc1 e4 24. Nd4 O-O 25. c5 b5 26. cxb6 Qd8 27. Ba3 Nhf7 28. Qb3 Kg7 29. Rc7
Rb8 30. Bxd6 Nxd6 31. Ne6+ Kh8 32. Nxd8 Rxd8 33. Qd5 Nb5 34. Rxb5 axb5 35. Qd6
Kg8 36. Bxe4 Rf8 37. Bd5+ Kg7 38. Qe7+ Kh6 39. Qxf8+ Kg5 40. Qd6 1-0

[Event "Mechanics' Winter TNM; 30/90, SD/30"]
[Site "San Francisco"]
[Date "2013.02.12"]
[Round "6.29"]
[White "Ryaboy, Michael"]
[Black "Hakobyan, Sos"]
[Result "0-1"]
[WhiteElo "1188"]
[BlackElo "1822"]
[PlyCount "46"]
[EventDate "2013.??.??"]

1. e4 e6 2. d4 d5 3. Nc3 Nf6 4. Bg5 dxe4 5. Nxe4 Nbd7 6. Nf3 Be7 7. Ng3 h6 8.
Bd2 c5 9. Bc3 Qb6 10. Be2 O-O 11. O-O Rd8 12. Qc1 Qc7 13. Qe3 Nd5 14. Qc1 Bf6
15. Nh5 Nxc3 16. bxc3 Be7 17. Qf4 Qxf4 18. Nxf4 Nf6 19. Nd3 Ne4 20. dxc5 Nxc3
21. Rfe1 Bf6 22. Nfe5 Bd7 23. Nxd7 Nxe2+ 0-1

[Event "Mechanics' Winter TNM; 30/90, SD/30"]
[Site "San Francisco"]
[Date "2013.01.15"]
[Round "2.31"]
[White "Ryaboy, Michael"]
[Black "Matchen, George"]
[Result "1/2-1/2"]
[WhiteElo "1188"]
[BlackElo "1584"]
[PlyCount "108"]
[EventDate "2013.??.??"]

1. e4 e5 2. Nf3 Nc6 3. Bc4 Nf6 4. Nc3 d6 5. d3 Bg4 6. Bg5 Be7 7. h3 Bxf3 8.
gxf3 Nd4 9. f4 c6 10. fxe5 dxe5 11. Be3 Qd7 12. Bxd4 exd4 13. Ne2 O-O-O 14. a3
Rhf8 15. Ng3 g6 16. Qf3 h5 17. O-O-O Nh7 18. Ne2 Ng5 19. Qg3 Ne6 20. f4 Nc5 21.
Rdf1 Na4 22. f5 h4 23. Qg4 gxf5 24. Rxf5 Kb8 25. Rxf7 Rxf7 26. Bxf7 Qc7 27. Nf4
Bxa3 28. bxa3 Qxf7 29. Qxh4 Rg8 30. Kd2 a6 31. Ne2 c5 32. Qf4+ Qc7 33. Qxc7+
Kxc7 34. h4 Rh8 35. h5 Rh6 36. Ng3 Nc3 37. Nf5 Rh7 38. h6 Kd7 39. Rg1 Ke6 40.
Rg7 Rxg7 41. hxg7 Kf7 42. e5 Nd5 43. e6+ Kg8 44. e7 Nc7 45. Ke2 b5 46. Kd2 a5
47. c3 dxc3+ 48. Kxc3 Ne8 49. d4 cxd4+ 50. Kxd4 Nc7 51. Kc5 b4 52. axb4 axb4
53. Kxb4 Nd5+ 54. Kc5 Nxe7 1/2-1/2

[Event "Mechanics' Winter TNM; 30/90, SD/30"]
[Site "San Francisco"]
[Date "2013.02.19"]
[Round "7.34"]
[White "Ryaboy, Michael"]
[Black "Touset, Stephen"]
[Result "0-1"]
[WhiteElo "1265"]
[BlackElo "1515"]
[PlyCount "28"]
[EventDate "2013.??.??"]

1. e4 e5 2. Nf3 Nc6 3. Bc4 Nf6 4. Nc3 d6 5. d3 Na5 6. Bb3 Nxb3 7. axb3 Bg4 8.
Bg5 Be7 9. h3 Bh5 10. g4 Bg6 11. Nh4 c6 12. Nxg6 hxg6 13. Qf3 $11 Nh7 14. O-O
$4 Nxg5 0-1

[Event "Mechanics' Winter TNM; 30/90, SD/30"]
[Site "San Francisco"]
[Date "2013.01.22"]
[Round "3.24"]
[White "Ryaboy, Vadim"]
[Black "Cole, Tony"]
[Result "1-0"]
[WhiteElo "1782"]
[BlackElo "1500"]
[PlyCount "35"]
[EventDate "2013.??.??"]

1. e4 c5 2. Nf3 d6 3. d4 Nf6 4. Nc3 Bg4 5. d5 Nbd7 6. Be2 e5 7. dxe6 fxe6 8.
Ng5 Bxe2 9. Qxe2 Qe7 10. Nb5 Rc8 11. Nxa7 Ra8 12. Nb5 Rc8 13. O-O h6 14. Nf3
Rc6 15. e5 dxe5 16. Nxe5 Nxe5 17. Qxe5 Qf7 18. Qb8+ 1-0

[Event "Mechanics' Winter TNM; 30/90, SD/30"]
[Site "San Francisco"]
[Date "2013.02.05"]
[Round "5.20"]
[White "Ryaboy, Vadim"]
[Black "Graeber, Marie"]
[Result "0-1"]
[WhiteElo "1782"]
[BlackElo "1571"]
[Annotator "Donaldson"]
[PlyCount "42"]
[EventDate "2013.??.??"]

1. e4 e6 2. d4 d6 3. f4 b6 4. Bd3 g6 5. Nf3 Bb7 6. O-O Bg7 7. f5 e5 8. fxg6
hxg6 9. Ng5 Nf6 10. dxe5 dxe5 11. Bb5+ Nc6 12. Bc4 Qd4+ 13. Qxd4 Nxd4 14. Bxf7+
Ke7 15. Rf2 Ng4 16. Rd2 Rxh2 17. c3 Rah8 18. Nh3 Bh6 (18... R8xh3 19. gxh3 Nf3+
20. Kf1 Ne3#) 19. Nf2 Bxd2 20. Bxd2 Nxf2 21. cxd4 Ng4 0-1

[Event "Mechanics' Winter TNM; 30/90, SD/30"]
[Site "San Francisco"]
[Date "2013.02.12"]
[Round "6.26"]
[White "Ryaboy, Vadim"]
[Black "McCarty-Snead, Callaghan"]
[Result "1-0"]
[WhiteElo "1782"]
[BlackElo "1411"]
[PlyCount "73"]
[EventDate "2013.??.??"]

1. e4 e6 2. d4 d5 3. Nd2 Nf6 4. e5 Nfd7 5. Bd3 c5 6. c3 Nc6 7. Ne2 Qb6 8. Nf3
cxd4 9. cxd4 Bb4+ 10. Bd2 Bxd2+ 11. Qxd2 O-O 12. O-O Qb4 13. Nc3 Nxd4 14. Nxd4
Qxd4 15. Bxh7+ Kxh7 16. Qxd4 b6 17. Rfe1 Nc5 18. Re3 Ba6 19. Qh4+ Kg8 20. Rh3
f6 21. Qh7+ Kf7 22. exf6 Kxf6 23. Rf3+ Ke7 24. Qxg7+ Kd6 25. Rxf8 Rxf8 26.
Qxf8+ Kc6 27. b4 Nd7 28. Qe7 Bc4 29. Qxe6+ Kc7 30. Nxd5+ Bxd5 31. Qxd5 Kc8 32.
Rc1+ Kd8 33. Rd1 Ke7 34. Qxd7+ Kf6 35. Qc6+ Ke5 36. Rd5+ Ke4 37. Qc4# 1-0

[Event "Mechanics' Spring TNM; 30/90, SD/30"]
[Site "San Francisco"]
[Date "2013.04.09"]
[Round "4.28"]
[White "Sainz, Guadalupe"]
[Black "Allen, Tom"]
[Result "1-0"]
[WhiteElo "1871"]
[BlackElo "1535"]
[PlyCount "81"]
[EventDate "2013.??.??"]

1. d4 Nf6 2. c4 e5 3. dxe5 Ng4 4. Nf3 Bc5 5. e3 Nc6 6. Be2 Ngxe5 7. Nc3 Nxf3+
8. Bxf3 Ne5 9. Be2 d6 10. O-O O-O 11. b3 Bf5 12. Bb2 Qg5 13. Kh1 Ng6 14. Bf3 c6
15. g3 Ne5 16. Ne4 Bxe4 17. Bxe4 Ng4 18. Bf3 f5 19. h4 Qg6 20. Bd4 Bxd4 21.
Qxd4 Nxf2+ 22. Rxf2 Qxg3 23. Rg2 Qh3+ 24. Kg1 Rf7 25. Qf4 Rf6 26. h5 g5 27.
Qxg5+ Kf7 28. Qg7+ Ke6 29. Rg3 Qh4 30. Kg2 Rf7 31. Qg5 Qxg5 32. Rxg5 Kf6 33.
Rg3 Re8 34. Kf2 Rfe7 35. Bd1 Rg7 36. Rxg7 Kxg7 37. Bc2 Kf6 38. Rg1 b6 39. h6
Re7 40. Kf3 a5 41. Kf4 1-0

[Event "Mechanics' Spring TNM; 30/90, SD/30"]
[Site "San Francisco"]
[Date "2013.03.26"]
[Round "2.5"]
[White "Sainz, Guadalupe"]
[Black "Kokesh, Tim"]
[Result "0-1"]
[WhiteElo "1871"]
[BlackElo "2110"]
[PlyCount "68"]
[EventDate "2013.??.??"]

1. d4 Nf6 2. c4 g6 3. Nc3 d5 4. cxd5 Nxd5 5. e4 Nxc3 6. bxc3 Bg7 7. Nf3 O-O 8.
Be3 c5 9. Rb1 Nc6 10. Qd2 Qc7 11. h3 f5 12. Bc4+ Kh8 13. Bf4 e5 14. dxe5 Nxe5
15. Bd5 fxe4 16. Nxe5 Bxe5 17. Be3 Qa5 18. Rb3 Rd8 19. c4 Qc7 20. Rb5 b6 21.
Qc2 Rxd5 22. Qxe4 Rd1+ 23. Kxd1 Bb7 24. Qg4 Rd8+ 25. Kc2 Bc8 26. Qe2 Bf5+ 27.
Kc1 Bd3 28. Qg4 Qf7 29. Rd1 Rd4 30. Qc8+ Kg7 31. Kd2 Bxc4+ 32. Bxd4 Bxd4 33.
Rb3 Qxf2+ 34. Kc1 Bxb3 0-1

[Event "Mechanics' Spring TNM; 30/90, SD/30"]
[Site "San Francisco"]
[Date "2013.05.07"]
[Round "8.6"]
[White "Sainz, Guadalupe"]
[Black "Thornally, Frank"]
[Result "0-1"]
[WhiteElo "1871"]
[BlackElo "2218"]
[PlyCount "34"]
[EventDate "2013.??.??"]

1. d4 Nf6 2. Nf3 c5 3. c4 cxd4 4. Bf4 d6 5. Nbd2 Nc6 6. Qb3 e5 7. Bg5 Be7 8.
Bxf6 Bxf6 9. Ne4 Be7 10. Rd1 O-O 11. e3 Qa5+ 12. Nfd2 dxe3 13. fxe3 Rb8 14. Be2
Be6 15. a4 f5 16. Nc3 f4 17. Nd5 Bh4+ 0-1

[Event "Mechanics' Spring TNM; 30/90, SD/30"]
[Site "San Francisco"]
[Date "2013.04.23"]
[Round "6.16"]
[White "Sainz, Guadalupe"]
[Black "Woebcke, Carl"]
[Result "1-0"]
[WhiteElo "1871"]
[BlackElo "1752"]
[PlyCount "47"]
[EventDate "2013.??.??"]

1. d4 d5 2. c4 e6 3. Nc3 Be7 4. cxd5 exd5 5. Bf4 Nf6 6. Qc2 O-O 7. e3 Nc6 8. a3
Bd6 9. Bg5 Be6 10. Bd3 h6 11. Bh4 Re8 12. Nge2 a6 13. h3 b5 14. Nxb5 Nb4 15.
axb4 axb5 16. O-O g5 17. Bg3 Rxa1 18. Rxa1 Bxg3 19. Nxg3 Qd6 20. Qc3 c6 21. Ra6
Bd7 22. Nf5 Bxf5 23. Bxf5 Ne4 24. Qxc6 1-0

[Event "Mechanics' Neil Falconer TNM; 30/90, SD"]
[Site "San Francisco"]
[Date "2013.09.17"]
[Round "7.23"]
[White "Salvo, Tab"]
[Black "Gomboluudev, Enkhjin"]
[Result "1-0"]
[WhiteElo "1663"]
[BlackElo "1125"]
[PlyCount "39"]
[EventDate "2013.??.??"]

1. Nf3 Nf6 2. c4 e6 3. g3 d5 4. Bg2 c5 5. O-O Bd6 6. b3 O-O 7. Bb2 Nc6 8. e3 e5
9. cxd5 Nxd5 10. d4 exd4 11. exd4 b6 12. dxc5 Bxc5 13. Nbd2 Nf6 14. Ne5 Bb4 15.
Nxc6 Qxd2 16. Qxd2 Bxd2 17. Ne7+ Kh8 18. Bxa8 Bh3 19. Bg2 Bxg2 20. Kxg2 1-0

[Event "Mechanics' Neil Falconer TNM; 30/90, SD"]
[Site "San Francisco"]
[Date "2013.08.13"]
[Round "2.29"]
[White "Salvo, Tab"]
[Black "Harris, Clarence"]
[Result "1-0"]
[WhiteElo "1663"]
[BlackElo "1314"]
[PlyCount "67"]
[EventDate "2013.??.??"]

1. Nf3 Nf6 2. c4 g6 3. b3 Bg7 4. Bb2 O-O 5. g3 d6 6. Bg2 Bd7 7. O-O Qc8 8. Re1
Nc6 9. d3 e5 10. Nbd2 Re8 11. Qb1 Qd8 12. h3 Ne7 13. e4 c5 14. Qd1 b5 15. Qe2
b4 16. Qe3 Nc6 17. Nf1 Qc8 18. Kh2 a5 19. Bc1 a4 20. Bd2 a3 21. Qe2 h5 22. Rac1
Nh7 23. Ne3 Bh6 24. Nd5 Bxd2 25. Qxd2 Qd8 26. Qh6 Nd4 27. Nxd4 cxd4 28. Nxb4
Qg5 29. Qxg5 Nxg5 30. Nd5 Ra7 31. f4 Bc6 32. fxg5 Bxd5 33. exd5 Rae7 34. Rf1
1-0

[Event "Mechanics' Neil Falconer TNM; 30/90, SD"]
[Site "San Francisco"]
[Date "2013.09.10"]
[Round "6.22"]
[White "Salvo, Tab"]
[Black "Simpkins, Jerry"]
[Result "0-1"]
[WhiteElo "1663"]
[BlackElo "1465"]
[PlyCount "58"]
[EventDate "2013.??.??"]

1. Nf3 Nc6 2. c4 e5 3. d3 f5 4. e3 e4 5. Nfd2 Nf6 6. dxe4 fxe4 7. Be2 d6 8. O-O
Bf5 9. b3 Be7 10. Bb2 O-O 11. Nc3 Ne5 12. f3 exf3 13. Nxf3 Neg4 14. Qc1 Ne4 15.
Nd4 Nxc3 16. Bxc3 Bd7 17. h3 Rxf1+ 18. Bxf1 Ne5 19. Qd2 Bh4 20. Be2 Qg5 21. Kh1
Rf8 22. Rf1 Bf2 23. Nf3 Nxf3 24. Bxf3 Rxf3 25. gxf3 Bxe3 26. Qc2 Qh6 27. Rd1
Bxh3 28. Qh2 Bf4 29. Bd2 Bg2+ $1 0-1

[Event "Mechanics' Neil Falconer TNM; 30/90, SD"]
[Site "San Francisco"]
[Date "2013.08.27"]
[Round "4.21"]
[White "Salvo, Tab"]
[Black "Yamamoto, Craig"]
[Result "0-1"]
[WhiteElo "1663"]
[BlackElo "1500"]
[PlyCount "132"]
[EventDate "2013.??.??"]

1. Nf3 b6 2. c4 Bb7 3. g3 g6 4. Bg2 Nf6 5. b3 Bg7 6. Bb2 O-O 7. O-O c5 8. d3 d6
9. Nbd2 e5 10. e3 Nfd7 11. e4 f5 12. exf5 gxf5 13. Qe2 Nc6 14. a3 Nd4 15. Nxd4
Bxg2 16. Kxg2 cxd4 17. Qf3 Qg5 18. Bc1 Qf6 19. b4 Qf7 20. Qc6 Qe6 21. Nf3 h6
22. Bd2 Nf6 23. Rae1 Qd7 24. Qxd7 Nxd7 25. Rb1 Kh7 26. Kh1 Bf6 27. h4 Rg8 28.
Rb2 Rae8 29. Rbb1 e4 30. Ne1 Ne5 31. dxe4 Nxc4 32. Bc1 fxe4 33. Nc2 d3 34. Ne3
d2 35. Nxc4 dxc1=Q 36. Rbxc1 d5 37. Nd6 Rd8 38. Rc7+ Kg6 39. Nb5 a6 40. Na7 Rg7
41. Rxg7+ Kxg7 42. Rb1 b5 43. Rc1 Rd7 44. Nc8 d4 45. Nb6 Rd6 46. Nc8 Re6 47.
Kg2 d3 48. Kf1 Bb2 49. Rc7+ Kf6 50. g4 Bxa3 51. Rc5 Bxb4 52. Rf5+ Kg6 53. h5+
Kg7 54. g5 hxg5 55. Rxg5+ Kh7 56. Rd5 Bc3 57. Nd6 b4 58. Nf5 Re8 59. Rd7+ Kh8
60. Nh4 Bd2 61. Ra7 Rd8 62. Rxa6 Bc3 63. Rb6 d2 64. Rh6+ Kg8 65. Rg6+ Kf8 66.
Rh6 d1=Q+ 0-1

[Event "Mechanics' Fall TNM; 30/90, SD/30"]
[Site "San Francisco"]
[Date "2013.12.03"]
[Round "7.8"]
[White "Sarafian, Greg"]
[Black "Chernobilskiy, Mikhail"]
[Result "0-1"]
[WhiteElo "1827"]
[BlackElo "1883"]
[PlyCount "82"]
[EventDate "2013.??.??"]

1. d4 d5 2. c4 e6 3. Nc3 Nf6 4. Bg5 c6 5. e3 Nbd7 6. Nf3 Qa5 7. Nd2 Bb4 8. Qc2
h6 9. Bf4 Nh5 10. Nb3 Qd8 11. Bg3 Nxg3 12. hxg3 Be7 13. e4 dxe4 14. Nxe4 Nf6
15. O-O-O O-O 16. Nxf6+ Bxf6 17. f4 a5 18. Qf2 b6 19. g4 a4 20. Na1 a3 21. b3
Qe7 22. Nc2 Rd8 23. Be2 Bb7 24. Bf3 c5 25. dxc5 Bb2+ 26. Kb1 Bxf3 27. gxf3 bxc5
28. Qe2 Ra6 29. Ne3 Rd4 30. Nf5 Rxd1+ 31. Rxd1 Qc7 32. Ng3 Rd6 33. Ne4 Rd4 34.
Rxd4 cxd4 35. Nf2 Qxf4 36. Nd3 Qf6 37. Nxb2 axb2 38. Qxb2 Qg6+ 39. Qc2 d3 40.
Qd2 e5 41. Kb2 Qf6 0-1

[Event "Mechanics' Neil Falconer TNM; 30/90, SD"]
[Site "San Francisco"]
[Date "2013.08.06"]
[Round "1.25"]
[White "Sarafian, Greg"]
[Black "Frank, Robert"]
[Result "1-0"]
[WhiteElo "1852"]
[BlackElo "1317"]
[PlyCount "85"]
[EventDate "2013.??.??"]

1. d4 Nf6 2. c4 e6 3. Nc3 d5 4. cxd5 Nxd5 5. Nf3 Bb4 6. Bd2 Nxc3 7. bxc3 Bd6 8.
e4 f6 9. Bc4 O-O 10. O-O c6 11. Re1 b5 12. Bb3 a5 13. e5 fxe5 14. dxe5 Bc5 15.
Qe2 h6 16. Rad1 Qe8 17. Be3 Bxe3 18. Qxe3 a4 19. Bc2 Qf7 20. Be4 Bd7 21. Rd6
Be8 22. Red1 Ra7 23. Rd8 Rd7 24. R8xd7 Bxd7 25. Qd3 Be8 26. Qd4 Qd7 27. Qd6
Qxd6 28. exd6 Bd7 29. Ne5 Rd8 30. f4 Kf8 31. Kf2 Re8 32. Ng6+ Kf7 33. Ne7 Rd8
34. g4 c5 35. Bb7 Kf6 36. h4 e5 37. g5+ Ke6 38. f5+ Kf7 39. Bd5+ Ke8 40. gxh6
gxh6 41. Rg1 Bc8 42. Nxc8 Rxc8 43. Be6 1-0

[Event "Mechanics' Fall TNM; 30/90, SD/30"]
[Site "San Francisco"]
[Date "2013.10.29"]
[Round "2.9"]
[White "Sarafian, Greg"]
[Black "Grey, Peter"]
[Result "1/2-1/2"]
[WhiteElo "1827"]
[BlackElo "2000"]
[Annotator "Donaldson"]
[PlyCount "49"]
[EventDate "2013.??.??"]

1. d4 Nf6 2. c4 g6 3. g3 Bg7 4. Bg2 O-O 5. Nc3 d6 6. Nf3 Nc6 7. e4 Bg4 8. h3
Bxf3 9. Bxf3 e5 10. Ne2 exd4 11. Nxd4 Nxd4 12. Qxd4 {Diagram #} Nxe4 $1 13. Qd1
Re8 14. O-O Qd7 15. Bg4 Qc6 16. Qd5 Qxd5 17. cxd5 f5 18. Bf3 Bd4 19. Kg2 Bb6
20. Be3 Bc5 $2 (20... Bxe3 21. Bxe4 (21. fxe3 Nc5 $19) 21... Rxe4 22. fxe3 Rxe3
$19) 21. Bxe4 Bxe3 22. Bxf5 gxf5 23. fxe3 Rxe3 24. Rxf5 Re2+ 25. Rf2 1/2-1/2

[Event "Mechanics' Neil Falconer TNM; 30/90, SD"]
[Site "San Francisco"]
[Date "2013.09.17"]
[Round "7.10"]
[White "Sarafian, Greg"]
[Black "Royzen, Igor"]
[Result "1/2-1/2"]
[WhiteElo "1852"]
[BlackElo "1807"]
[PlyCount "64"]
[EventDate "2013.??.??"]

1. d4 Nf6 2. c4 c5 3. d5 b5 4. cxb5 a6 5. b6 Qxb6 6. Nc3 g6 7. Nf3 d6 8. h3 Bg7
9. Qc2 O-O 10. Bf4 Nbd7 11. e3 Bb7 12. Bc4 Rfb8 13. O-O Ne8 14. Rab1 Nc7 15. e4
Nb5 16. Na4 Qc7 17. Qd3 Qa5 18. Qc2 Nd4 19. Nxd4 Bxd4 20. Bd2 Qc7 21. Bc3 Bxc3
22. Nxc3 Bc8 23. Nd1 a5 24. Ne3 Ba6 25. b3 Bxc4 26. Nxc4 Nb6 27. Ne3 Nd7 28.
Nc4 Nb6 29. Ne3 Nd7 30. a4 Rb4 31. Nc4 Nb6 32. Na3 Nc8 1/2-1/2